| 000 | 01843nam a2200409 i 4500 | ||
|---|---|---|---|
| 001 | DIGUEXTER0958 | ||
| 003 | NyNyDIG | ||
| 007 | cr ||||||||||| | ||
| 008 | 240115s2023 ck abo ob 000 0 spa d | ||
| 006 | m o d | ||
| 035 | _a(OCoLC)1417821559 | ||
| 040 |
_aDGITA _beng _erda _epn _cDGITA |
||
| 020 |
_a9786287676442 _qeBook |
||
| 020 | _z9786287676466 | ||
| 050 | 1 | 4 | _aK5256 ebook |
| 245 | 0 | 0 |
_aLavado de activos, financiación del terrorismo y financiación de la proliferación de armas de destrucción masiva. _nTomo II / _cJuan Pablo Herrera Saavedra, Liz Marcela Bejarano Castillo, editores. |
| 264 | 1 |
_aBogotá : _bAsobancaria : _bUniversidad Externado de Colombia, _c[2023] |
|
| 300 |
_a1 online resource : _billustrations, maps, photographs. |
||
| 336 |
_atext _btxt _2rdacontent |
||
| 337 |
_acomputer _bc _2rdamedia |
||
| 338 |
_aonline resource _bcr _2rdacarrier |
||
| 347 |
_atext file _2rdaft |
||
| 347 | _bPDF | ||
| 504 | _aIncludes bibliographical references. | ||
| 588 | 0 | _aOnline resource; title from PDF title page (Digitalia, viewed January 15, 2024) | |
| 650 | 0 |
_aTerrorism _xFinance. |
|
| 650 | 0 | _aMoney laundering. | |
| 650 | 0 | _aWeapons of mass destruction. | |
| 700 | 1 |
_aHerrera Saavedra, Juan Pablo, _eeditor. |
|
| 700 | 1 |
_aBejarano Castillo, Liz Marcela, _eeditor. |
|
| 791 | 2 |
_aDigitalia (Firm), _edistributor. |
|
| 793 | 0 |
_gDigitalia eBook Collection: _aUniversidad Externado de Colombia |
|
| 776 | 0 | 8 |
_iPrint version: _tLavado de activos, financiación del terrorismo y financiación de la proliferación de armas de destrucción masiva. Tomo II. _bPrimera edición. _dBogotá : Asobancaria : Universidad Externado de Colombia, [2023] _z9786287676466 |
| 856 | 4 | 0 |
_3Digitalia Hispánica _uhttps://www.digitaliapublishing.com/a/133194/ |
| 910 | _aPremium collection: 2024 | ||
| 942 | _cRAA | ||
| 999 |
_c282412 _d282412 |
||